Propuesta de un modelo de innovación abierta para la Universidad Nacional de Ingeniería (UNI), considerando aspectos de carácter técnico, organizacional y de costos
Propone un modelo de innovación abierta a la Universidad Nacional de Ingeniería considerando aspectos de carácter técnico, organizacional y de costo, determina los requerimientos técnicos del modelo de innovación, determina los costos del modelo a través de un costeo del mismo.
| Main Authors: | , |
|---|---|
| Other Authors: | |
| Format: | Tesis Section = Libro |
| Language: | Undetermined Spanish |
| Published: |
Managua
UNI
2020
|
| Subjects: |
| LEADER | 01208nam a2200265Ia 4500 | ||
|---|---|---|---|
| 008 | 240830s9999 xx 000 0 und d | ||
| 040 | |a BIBLIOTECA-RUPAP Mon 330 H565 | ||
| 041 | |a spa | ||
| 082 | |a Mon 330 H565 | ||
| 100 | 1 | |a Herrera Fuentes, Carlos Manuel | |
| 100 | 1 | |b Gutiérrez, Miguel Alexander | |
| 245 | 1 | 0 | |a Propuesta de un modelo de innovación abierta para la Universidad Nacional de Ingeniería (UNI), considerando aspectos de carácter técnico, organizacional y de costos |
| 260 | |a Managua |b UNI |c 2020 | ||
| 300 | |a 152 p. :il. | ||
| 500 | |a Contiene: anexos y CD. | ||
| 502 | |a Tesis (Ingeniero de Sistemas)- UNI, 2020. | ||
| 520 | 3 | |a Propone un modelo de innovación abierta a la Universidad Nacional de Ingeniería considerando aspectos de carácter técnico, organizacional y de costo, determina los requerimientos técnicos del modelo de innovación, determina los costos del modelo a través de un costeo del mismo. | |
| 650 | 7 | |a INNOVACIONES-NICARAGUA | |
| 650 | 7 | |b INNOVACIONES TECNOLOGICAS | |
| 650 | 7 | |c APITTUD CREADORA EN LOS NEGOCIOS | |
| 650 | 7 | |d INNOVACIONES ABIERTA | |
| 700 | 1 | |a Tutor: |b Lacayo Cruz, Patricia | |
| 942 | |c BK |2 ddc | ||
| 991 | |a TESIS | ||
| 999 | |c 15395 | ||